Geo yearbook 2004/5 (Record no. 104228)
[ view plain ]
| 000 -LEADER | |
|---|---|
| fixed length control field | 01237cam a2200241 4500 |
| 001 - CONTROL NUMBER | |
| control field | L129550 |
| 008 - FIXED-LENGTH DATA ELEMENTS--GENERAL INFORMATION | |
| fixed length control field | 050428n2005 000 0 eng u |
| 020 ## - INTERNATIONAL STANDARD BOOK NUMBER | |
| International Standard Book Number | 9280725440 |
| 035 ## - SYSTEM CONTROL NUMBER | |
| System control number | (Sirsi) u129550 |
| 041 ## - LANGUAGE CODE | |
| Language code of text/sound track or separate title | eng |
| 050 ## - LIBRARY OF CONGRESS CALL NUMBER | |
| Classification number | 333.72 |
| -- | 18 |
| 100 ## - MAIN ENTRY--PERSONAL NAME | |
| Personal name | Harrison, Paul |
| 110 ## - MAIN ENTRY--CORPORATE NAME | |
| Corporate name or jurisdiction name as entry element | United Nations Environment Programme |
| 9 (RLIN) | 3690 |
| 245 ## - TITLE STATEMENT | |
| Title | Geo yearbook 2004/5 |
| Remainder of title | an overview of our changing environment |
| 260 ## - PUBLICATION, DISTRIBUTION, ETC. | |
| Name of publisher, distributor, etc. | UNEP |
| Date of publication, distribution, etc. | 2005 |
| 300 ## - PHYSICAL DESCRIPTION | |
| Extent | 104p. |
| 520 ## - SUMMARY, ETC. | |
| Summary, etc. | The "GEO yearbook 2004/5" is the second in an important series, which serves as a guide for policy makers and a stimulus to future action towards the achievement of sustainable development. It aims to bridge the gap between science and policy by highlighting the major global and regional environment issues and developments of the year and their implications, focusing on major policy developments and instruments that have a bearing on sustainable development. |
| 590 ## - LOCAL NOTE (RLIN) | |
| Local note | IKA190505 |
| 651 #4 - SUBJECT ADDED ENTRY--GEOGRAPHIC NAME | |
| Geographic name | International |
| 690 ## - LOCAL SUBJECT ADDED ENTRY--TOPICAL TERM (OCLC, RLIN) | |
| Topical term or geographic name as entry element | ENVIRONMENTAL AND LAND CONSULTANCY-ENVIRONMENTAL MANAGEMENT |
| 856 ## - ELECTRONIC LOCATION AND ACCESS | |
| Uniform Resource Identifier | <a href="https://www.unep.org/Documents.Multilingual/Default.asp?DocumentID=468&ArticleID=4729&l=en">https://www.unep.org/Documents.Multilingual/Default.asp?DocumentID=468&ArticleID=4729&l=en</a> |
| Public note | View the item free of charge at www.unep.org... |
| 942 ## - ADDED ENTRY ELEMENTS (KOHA) | |
| Suppress in OPAC | 0 |
| Withdrawn status | Lost status | Source of classification or shelving scheme | Damaged status | Not for loan | Home library | Current library | Shelving location | Date acquired | Total Checkouts | Full call number | Barcode | Date last seen | Copy number | Price effective from | Koha item type |
|---|---|---|---|---|---|---|---|---|---|---|---|---|---|---|---|
| Dewey Decimal Classification | Virtual | Virtual | Online | 28/04/2005 | ONLINE PUBLICATION | 129550-1001 | 06/08/2019 | 1 | 06/08/2019 | Book |